[Event "27th CRO-chT 1A-Men 2018"]
[Site "Biograd"]
[Date "2018.09.12"]
[Round "4.12"]
[White "Zelcic, Robert"]
[Black "Bozinovic, Bogdan"]
[Result "0-1"]
[WhiteElo "2520"]
[BlackElo "2229"]
[Annotator "TA"]
[PlyCount "78"]
[EventDate "2018.09.08"]
[EventType "team-tourn"]
[EventCountry "CRO"]
[SourceTitle "playchess.com"]
[Source "ChessBase"]
[SourceQuality "1"]

{[%evp 16,78,31,0,15,12,7,-4,4,0,0,0,0,0,0,0,-5,0,16,-4,2,-8,31,22,25,4,7,0,15,0,39,10,13,6,19,14,43,6,20,-312,-308,-429,-415,-414,-412,-419,-419,-438,-429,-12836,-12836,-12835,-12835,-29969,-29970,-29981,-29982,-29980,-29981,-12844,-12839,-29987,-29988,-29995,-29996]} 1. e4 c5 2. Nf3 d6 3. d4 cxd4 4. Nxd4 Nf6 5. Nc3 a6 6. Be2 e6 7. O-O Be7 8. f4 O-O 9. Kh1 b5 {[%cal Bb7b5,Bb5b4][%mdl 32] B84: Sicilian Scheveningen: 6 Be2 a6, lines without early Be3} (9... Qc7 10. Qe1 Nc6 11. Be3 Nxd4 12. Bxd4 b5 13. Qg3 Bb7 14. a3 Rad8 15. Rae1 Bc6 16. Bd3 Qd7 17. Rf3 e5 18. fxe5 Nh5 19. Qh3 Qxh3 20. Rxh3 Nf4 21. Rf3 Nxd3 22. cxd3 dxe5 23. Bxe5 b4 24. axb4 Bxb4 {0-1 (68) Hou,Y (2666)-Giri,A (2775) Geneva 2017 CBM 180 [Ftacnik,L]}) 10. Bf3 Ra7 11. Be3 {Strongly threatening Nxe6!} b4 $146 {The position is equal.} ({Predecessor:} 11... Rc7 12. e5 dxe5 13. fxe5 Nfd7 14. Bf4 Nb6 15. Ne4 Nd5 16. Bd2 Nd7 17. Ba5 Nxe5 18. Bxc7 Qxc7 {0-1 (53) Abdulov,O (2372)-Artemiev,V (2663) Baku 2016}) 12. Na4 {aiming for Nxe6!} Rc7 13. c3 Bb7 14. Qd3 bxc3 15. Nxc3 Nbd7 16. Nb3 Qc8 17. Bf2 Rd8 18. Qe2 Nc5 19. Nxc5 dxc5 20. Rac1 Rcd7 21. Be3 Qa8 {[%cal Rf6e4]} 22. Na4 {Threatens to win with Nb6.} Rc7 23. e5 ({Of course not} 23. Nxc5 Bxc5 24. Bxc5 Rdc8 $15) 23... Bxf3 24. Rxf3 Nd5 25. Bg1 Rdc8 26. f5 {White wants to play f6!} Qc6 27. Nxc5 $2 {[%mdl 8192] [#]} (27. fxe6 $11 {and White is okay.} Qxe6 28. Rcf1) 27... Qb5 $1 $19 {[%cal Rb5e2]} 28. Qe4 Bxc5 29. fxe6 fxe6 30. Qg4 Qd7 31. Rcf1 Bxg1 32. Rf7 (32. Rxg1 $142 Rc2 33. Qd4) 32... Qxf7 33. Rxf7 Kxf7 34. Qh5+ Kg8 35. Kxg1 Rc1+ 36. Kf2 R1c2+ 37. Kg3 {[#]} Rxg2+ $1 {[%mdl 512]} 38. Kf3 (38. Kxg2 Nf4+) 38... Rxb2 39. Qg5 Rc3+ {Precision: White = 38%, Black = 62%.} 0-1

[Event "27th CRO-chT 1A-Men 2018"]
[Site "Biograd"]
[Date "2018.09.11"]
[Round "4.13"]
[White "Bosiocic, Marin"]
[Black "Inarkiev, Ernesto"]
[Result "1/2-1/2"]
[WhiteElo "2600"]
[BlackElo "2679"]
[Annotator "TA"]
[PlyCount "37"]
[EventDate "2018.09.08"]
[EventType "team-tourn"]
[EventCountry "CRO"]
[SourceTitle "playchess.com"]
[Source "ChessBase"]
[SourceQuality "1"]

{[%evp 14,37,32,32,31,26,35,29,29,29,41,38,41,37,31,26,60,29,39,15,18,0,29,0,46,0]} 1. d4 d5 2. c4 dxc4 3. e4 {[%cal Be2e4,Be4e5][%mdl 32]} Nf6 4. e5 Nd5 5. Bxc4 Bf5 (5... Nb6 6. Bd3 Nc6 7. Ne2 Bg4 8. f3 Bh5 9. Be4 e6 10. O-O Bg6 11. Be3 Be7 12. a3 Bxe4 13. fxe4 Bg5 14. Bf2 O-O 15. Qc2 f5 {½-½ (39) Grischuk,A (2782)-Caruana,F (2799) Saint Louis 2017}) 6. Qb3 {D20: Queen's Gambit Accepted: 3 e3 and 3 e4} c6 7. Bxd5 cxd5 8. Qxb7 {LiveBook: 4 Games} Qc8 $1 {[%cal Rc8b7]} 9. Qxc8+ Bxc8 10. Nc3 e6 11. f4 Nc6 12. Nf3 Ba6 $146 ({Predecessor:} 12... Rb8 13. b3 {0-1 (27) Studer,N (2471)-Nisipeanu,L (2673) Austria 2018}) 13. Kf2 Rb8 14. b3 Kd7 15. Bd2 h6 16. Na4 Bb5 17. Nc3 Ba6 18. Na4 Bb5 19. Nc3 {Precision: White = 56%, Black = 68%.} 1/2-1/2

[Event "27th CRO-chT 1A-Men 2018"]
[Site "Biograd"]
[Date "2018.09.12"]
[Round "4.14"]
[White "Romanov, Evgeny"]
[Black "Beliavsky, Alexander G"]
[Result "*"]
[WhiteElo "2611"]
[BlackElo "2540"]
[Annotator "TA"]
[PlyCount "42"]
[EventDate "2018.09.08"]
[EventType "team-tourn"]
[EventCountry "CRO"]
[SourceTitle "playchess.com"]
[Source "ChessBase"]
[SourceQuality "1"]

{[%evp 19,42,18,15,18,18,0,0,-17,-19,-24,-14,-32,-23,-17,-11,-39,-17,-45,29999,-100,29999,-554,-101,-536,-98]} 1. e4 e5 2. Nf3 Nc6 3. Bc4 Bc5 4. O-O Nf6 5. d3 d6 6. a4 a6 {C50: Italienische Partie} 7. c3 Ba7 8. Na3 h6 9. Nc2 O-O 10. Be3 Bxe3 {LiveBook: 6 Partien} 11. Nxe3 Ne7 12. Nh4 $146 ({Vorgänger:} 12. Qc2 c6 13. d4 exd4 14. Nxd4 Bd7 {½-½ (63) Cornette,M (2597)-Bacrot,E (2689) London 2016}) 12... c6 13. Qf3 d5 14. Ba2 Be6 15. Rfe1 Qc7 16. Nhf5 Nxf5 17. Nxf5 Kh7 18. Qg3 {[%csl Gf5][%cal Rg3g7]} Rae8 $2 {[%mdl 8192] [#]} (18... Bxf5 $15 19. exf5 Rfe8) 19. d4 $2 (19. Qxg7# {setzt Matt}) 19... Nxe4 $2 {[%mdl 8192]} (19... Bxf5 $17 20. exf5 Qb6 21. dxe5 Ne4 22. Rxe4 dxe4) 20. Qd3 $4 {[%mdl 8192]} (20. Qxg7# {nur so kann Weiss gewinnen.}) 20... exd4 $2 (20... Bxf5 $19 21. Bb1 Qb6) 21. Qxd4 $4 {[%mdl 8192]} (21. Nxd4 $17 {ist eine bessere Chance.} Kg8 22. f3) 21... Nf6 $2 {Precision: Weiß =  9%, Schwarz = 21%.} (21... Bxf5 $19 {bietet bessere Gewinnchancen.} 22. c4 dxc4) *

[Event "27th CRO-chT 1A-Men 2018"]
[Site "Biograd"]
[Date "2018.09.12"]
[Round "4.15"]
[White "Sebenik, Matej"]
[Black "Lalic, Bogdan"]
[Result "1/2-1/2"]
[WhiteElo "2570"]
[BlackElo "2403"]
[Annotator "TA"]
[PlyCount "53"]
[EventDate "2018.09.08"]
[EventType "team-tourn"]
[EventCountry "CRO"]
[SourceTitle "playchess.com"]
[Source "ChessBase"]
[SourceQuality "1"]

{[%evp 10,53,0,-10,0,-13,-8,-27,21,26,18,30,24,22,32,31,35,29,61,40,65,16,9,0,52,47,57,31,22,29,39,31,32,40,49,-22,-15,-21,-17,-12,-8,-8,-8,-20,-13,-10]} 1. Nf3 d5 2. g3 Nc6 3. Bg2 e5 4. d3 Nf6 5. O-O Be7 6. a3 O-O {A07: Réti Opening: New York and Capablanca Systems} (6... a5 7. b3 O-O 8. Bb2 e4 9. Ne5 Nxe5 10. Bxe5 Ng4 11. Bf4 e3 12. Bxe3 Nxe3 13. fxe3 Bg5 14. e4 dxe4 {0-1 (35) Petrosian,T (2592)-Andriasian,Z (2621) Yerevan 2017}) 7. Nc3 d4 8. Nb1 h6 {Black has an edge.} 9. b4 a6 10. Bb2 Re8 $146 ({Predecessor:} 10... Nd5 11. c4 dxc3 12. Nxc3 Nxc3 13. Bxc3 Bf6 14. Rc1 {1-0 (46) Wockenfuss,K (2365)-Vatter,H (2265) Germany 1986}) 11. c3 dxc3 12. Nxc3 {[%cal Bb1c3,Bc3a4,Ba4c5][%mdl 32]} Bf8 13. Rc1 Rb8 14. Na4 Bg4 15. h3 Bxf3 $1 16. Bxf3 Nd4 ({Better is} 16... a5 $11) 17. Bg2 $14 c6 18. Nc5 a5 19. e3 Nf5 20. Qb3 axb4 21. axb4 Qb6 22. e4 (22. d4 $14 exd4 23. g4) 22... Bxc5 $11 {The position is equal.} 23. Rxc5 Nd7 $36 {[%mdl 2048] Black fights for an advantage.} 24. Qa3 Nd6 25. Qa5 {[%cal Rc5e5]} Qd8 {[#] White must now prevent ...b6.} 26. Qxd8 Rbxd8 27. Ra5 {Precision: White = 67%, Black = 67%.} 1/2-1/2

[Event "27th CRO-chT 1A-Men 2018"]
[Site "Biograd"]
[Date "2018.09.12"]
[Round "4.16"]
[White "Plenkovic, Zdenko"]
[Black "Tica, Sven"]
[Result "0-1"]
[WhiteElo "2418"]
[BlackElo "2442"]
[Annotator "TA"]
[PlyCount "70"]
[EventDate "2018.09.08"]
[EventType "team-tourn"]
[EventCountry "CRO"]
[SourceTitle "playchess.com"]
[Source "ChessBase"]
[SourceQuality "1"]

{[%evp 13,70,-16,-16,-28,-25,-31,-16,-35,-32,-31,-25,-29,-23,-58,-65,-66,-67,-115,-90,-118,-118,-139,-152,-131,-115,-106,-70,-102,-68,-97,-93,-107,-115,-160,-36,-32,-36,-28,-28,-29,-22,-30,-21,-52,-11,-78,-78,-85,-81,-152,-149,-253,-252,-344,-293,-822,-935,-922,-909]} 1. g3 d5 2. Bg2 Nf6 3. d3 e6 4. Nd2 c5 5. e4 Nc6 6. Ne2 Be7 7. O-O O-O {LiveBook: 6 Games} 8. b3 {C00: French: Unusual White 2nd moves} (8. h3 b6 9. g4 Bb7 10. f4 Rc8 11. e5 Nd7 12. Nf3 b5 13. Ng3 b4 14. Be3 Qc7 15. Qe2 f6 16. exf6 Bxf6 {1-0 (39) Gasanov,E (2490)-Dordzhieva,D (2294) Moscow 2018}) 8... b6 {[%cal Bb7b6,Bb6b5][%mdl 32]} 9. Bb2 Bb7 10. a4 $146 {The position is equal.} ({Predecessor:} 10. Nf4 d4 11. a3 Ne8 12. h4 Bd6 13. Nh3 Nc7 14. Qh5 f5 15. Nc4 Be7 {½-½ (73) Markowski,D (2308)-Orzechowski,J (2293) Suwalki 1999}) 10... Qc7 11. exd5 Nxd5 12. Nc4 Rad8 13. a5 b5 ({Of course not} 13... bxa5 14. Qd2 $11) ({Reject} 13... Nxa5 $6 14. Nxa5 bxa5 15. Qd2 $14) 14. a6 Bc8 15. Nd2 Bf6 16. Qb1 Qb6 17. Ne4 Be7 18. Rd1 Nc7 {[%cal Bd5c7,Bc7b5,Bb5d4][%mdl 32]} 19. c4 Bxa6 20. N2c3 Nd4 21. cxb5 Bxb5 ({Don't play} 21... Ndxb5 $6 22. Na4 $11) 22. Nxb5 Ncxb5 23. Qa2 Nc2 (23... Ne2+ $17 24. Kh1 f5) 24. Bxg7 $1 $15 Kxg7 25. Qxc2 Nd4 26. Qc4 Rd7 27. Nd2 Rb8 28. Ra6 Qd8 29. Nf3 (29. Re1 $11) 29... Rb4 $17 30. Qc3 Rxb3 31. Qa1 (31. Qc4 $142 Rb6 32. Ra2) 31... Bf6 $36 {[%mdl 2048] Black is in control.} 32. Qa4 (32. Nxd4 $17 Rxd4 33. Rf1) 32... Rb4 $19 33. Qa3 Ne2+ 34. Kf1 $2 {[#]} (34. Kh1) 34... Nc3 35. Re1 Rxd3 {Precision: White = 25%, Black = 65%.} 0-1

[Event "27th CRO-chT 1A-Men 2018"]
[Site "Biograd"]
[Date "2018.09.11"]
[Round "4.17"]
[White "Golubovic, Boris"]
[Black "Loncar, Robert"]
[Result "1-0"]
[WhiteElo "2386"]
[BlackElo "2409"]
[Annotator "TA"]
[PlyCount "109"]
[EventDate "2018.09.08"]
[EventType "team-tourn"]
[EventCountry "CRO"]
[SourceTitle "playchess.com"]
[Source "ChessBase"]
[SourceQuality "1"]

{[%evp 12,109,65,50,66,70,70,14,51,37,118,123,123,124,123,125,118,121,118,116,110,113,157,130,134,131,131,132,129,139,148,151,156,134,196,144,216,206,218,206,300,243,435,431,430,430,419,418,523,483,612,614,573,540,503,488,549,543,528,514,535,364,356,364,358,357,355,361,346,335,399,399,381,367,440,437,1203,1095,1476,1436,2318,2079,4702,3041,29979,29979,29980,29981,29981,29982,29983,29984,29984,29982,29981,0,29983,29984,29985,29986]} 1. e4 c5 2. Nf3 Nf6 3. e5 Nd5 4. Nc3 Nxc3 5. dxc3 e6 6. Bf4 Nc6 7. Qd2 Be7 {B29: Sicilian: 2 Nf3 Nf6 (Nimzowitsch Variation)} (7... h6 8. h4 Qc7 9. O-O-O a6 10. Bd3 b5 11. Be4 Bb7 12. Qe3 Ne7 13. Kb1 c4 14. Rhe1 Bxe4 15. Qxe4 {0-1 (59) Pavlidis,A (2539)-Duda,J (2693) Minsk 2017}) 8. Bd3 $146 ({Predecessor:} 8. O-O-O O-O 9. h4 f6 10. exf6 gxf6 11. Bh6 Rf7 12. g4 d5 13. Rg1 Bf8 14. Bxf8 Qxf8 15. g5 {1-0 (32) Berezjuk,S (2431)-Bartsch,B (2279) Marianske Lazne 2016}) 8... Qc7 9. O-O-O (9. h4 $14) 9... h6 {The position is equal.} 10. h4 d5 (10... Rb8 $14) 11. exd6 $1 $16 Bxd6 12. Bxd6 Qxd6 13. Bb5 Qxd2+ 14. Nxd2 ({Resist} 14. Rxd2 $6 Bd7 $11) 14... Kd7 15. Ne4+ Kc7 16. Nxc5 Ne5 17. Be2 b6 18. f4 $36 {[%mdl 2048] Black is under strong pressure.} Ng6 19. Bf3 Rb8 20. Nd3 Ne7 21. c4 {[%cal Bc3c4,Bc4c5][%mdl 32]} a5 22. c5 b5 (22... bxc5 $16 23. Nxc5 Rb5) 23. h5 (23. Ne5 $18) 23... f6 (23... Rd8 $16 24. Rhe1 Bd7) 24. Rhe1 $18 Re8 25. Nf2 f5 (25... Rd8 {was called for.} 26. Rxd8 Kxd8) 26. Nd3 Ng8 $2 {[#]} (26... b4 27. g4 (27. Ne5 Rb5 $18) 27... Ba6) 27. Ne5 Nf6 28. Rd6 Bb7 29. Nc6 Ra8 30. Nd4 Be4 31. Nxb5+ Kc8 32. Rb6 Re7 33. Nd6+ Kd8 34. Nxe4 fxe4 35. Bxe4 Rc8 36. Bf3 Rxc5 37. Rbxe6 Rxe6 38. Rxe6 Nxh5 39. Bxh5 Rxh5 {[%mdl 4096] Endgame KR-KR} 40. Rg6 Rf5 41. Rxg7 Rxf4 42. b3 a4 43. Kb2 h5 (43... Rf2 $142 44. bxa4 Kc8) 44. Ka3 axb3 45. axb3 {[%cal Ba2b3,Bb3b4][%mdl 32]} h4 46. c4 {[%cal Bc2c4,Bc4c5,Bc5c6][%mdl 32]} Kc8 47. Kb4 Kb8 48. Kb5 h3 49. gxh3 Rf3 50. b4 Rxh3 51. c5 Rh4 52. Ka5 Rc4 53. Kb5 $2 (53. Rf7 {mates} Kc8 54. Kb5 Rh4 55. c6 Kd8 56. Rd7+ Ke8 57. Rd5 Rh7 58. Kb6) 53... Re4 $2 {[%mdl 8192] [#]} (53... Rh4 $11 54. c6 Rf4) 54. c6 Kc8 55. Kc5 {Precision: White = 73%, Black = 24%.} 1-0

[Event "27th CRO-chT 1A-Men 2018"]
[Site "Biograd"]
[Date "2018.09.12"]
[Round "4.18"]
[White "Sale, Srdjan"]
[Black "Petrov, Jole"]
[Result "1/2-1/2"]
[WhiteElo "2428"]
[BlackElo "2397"]
[Annotator "TA"]
[PlyCount "116"]
[EventDate "2018.09.08"]
[EventType "team-tourn"]
[EventCountry "CRO"]
[SourceTitle "playchess.com"]
[Source "ChessBase"]
[SourceQuality "1"]

{[%evp 18,116,9,10,6,0,7,12,20,13,14,16,23,19,45,41,47,20,24,11,21,14,35,20,6,6,6,-12,2,-11,-8,-63,-56,-68,-65,-88,-54,-93,-91,-79,-86,-187,-33,-33,-33,-37,-33,-33,-33,-57,-56,-176,-137,-150,-65,-227,-227,-227,-227,-234,-121,-121,-122,-125,-21,-9,-22,-15,-8,-8,-8,-20,-8,-8,-8,-6,0,-22,-22,-22,-16,-33,-34,-24,-22,-95,-32,-32,-19,-20,-20,-20,-20,-20,-20,-20,-20,-20,-20,-20,-20]} 1. c4 e6 2. Nf3 d5 3. g3 Nf6 4. Bg2 c6 5. b3 Be7 6. O-O O-O 7. Bb2 Nbd7 8. d4 b6 9. Nbd2 Bb7 10. e3 {LiveBook: 18 Games} a5 {E07: Closed Catalan: Main Line (5 Nf3 0-0 6 0-0 Nbd7)} (10... c5 11. cxd5 Bxd5 12. Qe2 Rc8 13. Rac1 Rc7 14. Rfe1 Re8 15. e4 Bb7 16. e5 Nd5 17. Ne4 Nb4 18. Nd6 {0-1 (42) Maletin,P (2580)-Smirnov,P (2564) Cheliabinsk 2016}) 11. a3 Rc8 12. Rc1 $146 ({Predecessor:} 12. Qe2 a4 13. b4 c5 14. b5 Bd6 15. Rfd1 Qe7 16. dxc5 Nxc5 17. cxd5 exd5 {½-½ (41) Petrosian,T-Shishov,M Tbilisi (Georgia) 1947}) 12... Qc7 13. Qe2 Rfe8 14. Rfd1 h6 15. Ne5 c5 16. Nxd7 Nxd7 17. dxc5 bxc5 18. cxd5 exd5 19. Qd3 Rcd8 20. Qf5 ({Don't go for} 20. Bxd5 $2 Nf6 $19) 20... Nf6 21. Qc2 Qb6 22. Nf3 Ba8 23. Nh4 Bf8 24. Nf5 (24. a4 $11) 24... Ne4 $15 25. Rb1 Qe6 26. Nh4 Rb8 27. Nf3 d4 28. exd4 Qxb3 29. Ne1 (29. Qxb3 $17 Rxb3 30. dxc5 Bxc5 31. Nd4) 29... c4 $2 (29... Qxc2 $19 30. Nxc2 Nxf2 $1 {[%mdl 512]} 31. Kxf2 Bxg2 32. Kxg2 Re2+ 33. Kf3 Rxc2) 30. Ba1 Qxc2 $40 {[%mdl 128] Black attacks.} 31. Nxc2 Rxb1 32. Rxb1 Nd2 33. Rd1 Nf3+ 34. Kh1 (34. Bxf3 $1 $15 Bxf3 35. Rc1) 34... Be4 35. Ne3 {[#]} Bxa3 (35... Rc8 $1 $17 36. Bc3 Bxa3) 36. Bc3 $2 (36. Nxc4 $15 Bb4 37. d5) 36... Bb4 $19 37. Bxb4 axb4 38. Nxc4 Rd8 (38... b3 $19 {White must now prevent ...Rc8.} 39. d5 Kf8) 39. Ne5 $17 Bc2 40. Bxf3 {[#] aiming for Rd2.} Bxd1 ({Better is} 40... b3 $1 $17 41. Re1 b2) 41. Bxd1 $11 Rxd4 42. Bb3 Kf8 43. Kg2 ({Don't blunder} 43. Bxf7 $2 Re4 $19) ({But not} 43. Nxf7 Rd3 $17) 43... f6 {[%cal Bf7f6,Bf6f5,Bf5f4,Bf4f3][%mdl 32]} 44. Ng6+ Ke8 {With the idea ...Rd3.} 45. Nf4 g5 46. Nd5 f5 47. Ne3 f4 48. Nf5 {[#]} f3+ $1 {[%mdl 512]} 49. Kh3 (49. Kxf3 Rd3+) 49... Rd2 50. Nxh6 Rxf2 51. Ng4 (51. Nf5 $1 $11) 51... Re2 (51... Rd2 $17 {Hoping for ...Ke7.} 52. Ne5 Ke7) 52. Bd5 $1 $15 Re1 53. Bxf3 {The position is equal.} b3 54. Be4 b2 55. Bg6+ Ke7 {Strongly threatening ...Re2.} 56. Kg2 b1=Q 57. Bxb1 Rxb1 58. h4 gxh4 {Precision: White = 47%, Black = 57%.} 1/2-1/2

[Event "27th CRO-chT 1A-Men 2018"]
[Site "Biograd"]
[Date "2018.09.12"]
[Round "4.19"]
[White "Hracek, Zbynek"]
[Black "Abasov, Nijat"]
[Result "1/2-1/2"]
[WhiteElo "2557"]
[BlackElo "2632"]
[Annotator "TA"]
[PlyCount "43"]
[EventDate "2018.09.08"]
[EventType "team-tourn"]
[EventCountry "CRO"]
[SourceTitle "playchess.com"]
[Source "ChessBase"]
[SourceQuality "1"]

{[%evp 30,42,18,6,31,31,37,26,37,41,33,46,34,20,21]} 1. e4 c5 2. Nf3 Nc6 3. d4 cxd4 4. Nxd4 Nf6 5. Nc3 e5 6. Ndb5 d6 7. Bg5 a6 8. Na3 b5 9. Nd5 Be7 {[%cal Bf8e7,Be7f6,Bf6g5][%mdl 32]} 10. Bxf6 Bxf6 11. c4 b4 {B33: Sicilian: Pelikan and Sveshnikov Variations} 12. Nc2 O-O 13. g3 a5 14. Bg2 Bg5 15. O-O Be6 16. Qd3 {LiveBook: 45 Games} Bxd5 17. cxd5 Nb8 18. a3 Na6 19. axb4 Nxb4 20. Nxb4 axb4 21. Qc4 b3 {[#]} {Predecessor:} 22. Qxb3 $146 1/2-1/2

[Event "27th CRO-chT 1A-Men 2018"]
[Site "Biograd"]
[Date "2018.09.12"]
[Round "4.20"]
[White "Bogut, Zeljko"]
[Black "Leventic, Ivan"]
[Result "1/2-1/2"]
[WhiteElo "2415"]
[BlackElo "2411"]
[Annotator "TA"]
[PlyCount "19"]
[EventDate "2018.09.08"]
[EventType "team-tourn"]
[EventCountry "CRO"]
[SourceTitle "playchess.com"]
[Source "ChessBase"]
[SourceQuality "1"]

{[%evp 9,19,0,0,-4,-16,-7,2,2,9,0,9,6]} 1. d4 d5 2. c4 dxc4 3. Nf3 a6 4. a4 c5 (4... Nf6 5. e3 Bg4 6. Bxc4 e6 7. O-O Nc6 8. Nbd2 Be7 9. h3 Bh5 10. b3 O-O 11. Bb2 Nb4 12. Rc1 Rc8 13. Ba3 a5 14. g4 Bg6 15. Ne5 {1-0 (46) Inarkiev,E (2689)-Malakhatko,V (2542) Riadh 2017}) 5. e3 cxd4 {next ...d3 is good for Black.The position is equal.} 6. Qxd4 {D21: Queen's Gambit Accepted: 3 Nf3 sidelines} Qxd4 7. Nxd4 Bd7 $146 ({Predecessor:} 7... e5 8. Nf3 {½-½ (8) Loginova,L (1809)-Ragozin,A (2120) Novosibirsk 2010}) 8. Bxc4 Nc6 9. Nxc6 Bxc6 10. f3 1/2-1/2

[Event "27th CRO-chT 1A-Men 2018"]
[Site "Biograd"]
[Date "2018.09.12"]
[Round "4.21"]
[White "Zivkovic, Vjekoslav"]
[Black "Galic, Ivan"]
[Result "1/2-1/2"]
[WhiteElo "2358"]
[BlackElo "2416"]
[Annotator "TA"]
[PlyCount "29"]
[EventDate "2018.09.08"]
[EventType "team-tourn"]
[EventCountry "CRO"]
[SourceTitle "playchess.com"]
[Source "ChessBase"]
[SourceQuality "1"]

{[%evp 13,29,38,47,48,51,55,54,49,49,59,64,60,54,0,0,0,54,0]} 1. e4 {Milov,V} c5 2. Nf3 Nc6 3. c4 e6 4. Nc3 Nge7 {[%cal Bg8e7,Be7c6,Bc6b4,Bb4c2][%mdl 32]} 5. d4 cxd4 6. Nxd4 Nxd4 7. Qxd4 Nc6 8. Qe3 {B40: Sicilian: 2...e6, Unusual lines} b6 9. Qg3 Nb4 {Threatens to win with ...Nc2+.} 10. Nb5 Nc2+ $146 ({Predecessor:} 10... d6 11. Qb3 Nc6 12. Be3 Be7 13. Be2 O-O 14. O-O Rb8 15. Rac1 a6 {½-½ (23) Zvjaginsev,V (2645)-Rublevsky,S (2655) Poikovsky 2002 CBM 089 [Milov,V]}) 11. Kd1 Nxa1 12. Nc7+ Ke7 {[#]} 13. Nd5+ $1 {[%mdl 1536] White has compensation.} Ke8 (13... exd5 14. Qe5#) 14. Nc7+ Ke7 {[#]} 15. Nd5+ $1 {[%mdl 512]} 1/2-1/2